Online
Catalog

La mitología griega en Ruben Dario / (Record no. 5810)

MARC details
000 -CABECERA
campo de control de longitud fija 00560cam a22001691a 4500
001 - NÚMERO DE CONTROL
campo de control 000006014
005 - FECHA Y HORA DE LA ÚLTIMA TRANSACCIÓN
campo de control 20200929151902.0
008 - DATOS DE LONGITUD FIJA--INFORMACIÓN GENERAL
campo de control de longitud fija 751010s1967 sp a b 000 0 spa d
040 ## - FUENTE DE LA CATALOGACIÓN
Centro catalogador/agencia de origen DO-SdBNP
Lengua de catalogación spa
Centro/agencia transcriptor BNPHU
082 ## - NÚMERO DE LA CLASIFICACIÓN DECIMAL DEWEY
Número de clasificación xxxx
Número de documento/Ítem H967m
100 1# - ENTRADA PRINCIPAL--NOMBRE DE PERSONA
Nombre de persona Hurtado Chamorro, Alejandro
9 (RLIN) 16943
245 13 - MENCIÓN DE TÍTULO
Título La mitología griega en Ruben Dario /
Mención de responsabilidad, etc. Alejandro Hurtado Chamorro.
260 ## - PUBLICACIÓN, DISTRIBUCIÓN, ETC.
Lugar de publicación, distribución, etc. Madrid :
Nombre del editor, distribuidor, etc. La Muralla,
Fecha de publicación, distribución, etc. 1967.
300 ## - DESCRIPCIÓN FÍSICA
Extensión 248 p. :
Otras características físicas ill. ;
Dimensiones 21 cm.
504 ## - NOTA DE BIBLIOGRAFÍA, ETC.
Nota de bibliografía, etc. Bibliografía: p. 245-248
600 10 - PUNTO DE ACCESO ADICIONAL DE MATERIA--NOMBRE DE PERSONA
Nombre de persona DARIO, RUBÉN,
Fechas asociadas al nombre 1867-1916
Subdivisión general CRÍTICA E INTERPRETACIÓN
9 (RLIN) 8388
Holdings
Estado de retiro Estado de pérdida Restricciones de uso No para préstamo Código de colección Localización permanente Ubicación/localización actual Ubicación en estantería Fecha de adquisición Número de inventario Total de préstamos Signatura topográfica completa Código de barras Fecha visto por última vez Número de copia Precio válido a partir de Tipo de ítem Koha
    Préstamo restringido Préstamo restrigido Monografías: Libros y Folletos General General En catalogación 25.08.2009 LF1   xxxx H967m 6014-10 25.06.2020 e. 1 25.06.2020 Préstamo interno

Powered by Koha